Catálogo
 En Linea

L'astragale : (Registro nro. 6094)

Detalles MARC
000 -CABECERA
campo de control de longitud fija 00607cam a2200193 a 4500
001 - NÚMERO DE CONTROL
campo de control 000006299
005 - FECHA Y HORA DE LA ÚLTIMA TRANSACCIÓN
campo de control 20200929153918.0
008 - DATOS DE LONGITUD FIJA--INFORMACIÓN GENERAL
campo de control de longitud fija 810327s1965 fr 000 0 fre
040 ## - FUENTE DE LA CATALOGACIÓN
Centro catalogador/agencia de origen DO-SdBNP
Lengua de catalogación spa
Centro/agencia transcriptor BNPHU
082 ## - NÚMERO DE LA CLASIFICACIÓN DECIMAL DEWEY
Número de clasificación 843.914
Número de documento/Ítem S247a
100 1# - ENTRADA PRINCIPAL--NOMBRE DE PERSONA
Nombre de persona Sarrazin, Albertine
9 (RLIN) 17584
245 12 - MENCIÓN DE TÍTULO
Título L'astragale :
Resto del título roman /
Mención de responsabilidad, etc. Albertine Sarrazin.
260 ## - PUBLICACIÓN, DISTRIBUCIÓN, ETC.
Lugar de publicación, distribución, etc. [París] :
Nombre del editor, distribuidor, etc. Jéan -Jacques Pauvert,
Fecha de publicación, distribución, etc. 1965.
300 ## - DESCRIPCIÓN FÍSICA
Extensión 192 p. ;
Dimensiones 17 cm.
490 1# - MENCIÓN DE SERIE
Mención de serie Le Libre de Poche ;
Designación de volumen o secuencia no. 2418
650 #4 - PUNTO DE ACCESO ADICIONAL DE MATERIA--TÉRMINO DE MATERIA
Término de materia o nombre geográfico como elemento de entrada Novela francesa
9 (RLIN) 1075
650 #4 - PUNTO DE ACCESO ADICIONAL DE MATERIA--TÉRMINO DE MATERIA
Término de materia o nombre geográfico como elemento de entrada Literatura francesa
9 (RLIN) 1074
830 #0 - PUNTO DE ACCESO ADICIONAL DE SERIE-TÍTULO UNIFORME
Título uniforme Le Libre de Poche ;no. 2418
Designación de volumen o secuencia no. 2418
9 (RLIN) 17585
Existencias
Estado de retiro Estado de pérdida Restricciones de uso No para préstamo Código de colección Localización permanente Ubicación/localización actual Ubicación en estantería Fecha de adquisición Número de inventario Total de préstamos Signatura topográfica completa Código de barras Fecha visto por última vez Precio válido a partir de Tipo de ítem Koha
    Préstamo interno   Monografías: Libros y Folletos General General En catalogación 27.08.2009 LF1   843.914 S247a 6299-10 25.06.2020 25.06.2020 Préstamo interno

Con tecnología Koha